000 01197nam a22003377a 4500
001 BR8000476
003 BR-BrBNA
005 20230928090528.0
007 ta
008 230509b bl.||||| |||| 00| 0 por d
040 _aBR-BrBNA
_bpor
_cBiblioteca Nacional de Agricultura
041 _a(Por)
072 _aF00; H00
_b0430
_b/G514
090 _ 0430 BR8000476
100 1 _aVieira, D.J.
100 1 _aSerrano, E. de O. (camps.)
110 1 _aUnidade de Execucao de Pesquisa de Ambito Estadual de Lagoa Seca, PB (Brasil)
_910367
245 1 _aBibliografia sinaletica sobre cultura do algodao arboreo. Gossypium hirsutum variedade marie galante, Hutch [Producao vegetal; Defesa vegetal; Brasil]
246 1 _a[Signal bibliography on arboreal cotton crop. Gossypium hirsutum marie galante Hutch variety [Plant yield; Plant protection; Brazil]]
260 3 _aLagoa Seca, PB (Brasil):
_c1980.
300 _a54 p.
650 _aProducao vegetal
650 _aDefesa vegetal
650 _aAlgodao arboreo
650 _aPratica cultural
650 _aDoenca de planta
650 _aPraga de planta
650 _aBibliografia
909 _a202309
_bLucia
_c55
_dLucia Elande
942 _cBK
999 _c29220
_d29220